000 01430cam a2200433 a 4500
001 21410
003 VRT
005 20260228145153.0
008 240314s2011 xo a a 000 0 slo
015 _aSNBA2012/04-02303
020 _a9788097067168
_q(viaz.)
035 _aD403DB68-0D92-4B03-86B1-4C27B60A8F27
035 _aurn:nbn:sk:snk-amjxym
035 _aurn:nbn:sk:snk-am007xv2
039 9 _a202403140845
_bVLOAD
_c201511121726
_dVLOAD
_c201507071644
_dVLOAD
_c201207311000
_dmsnk38
040 _aSNK
_bslo
_cSNK
_eAACR2
041 0 _aslo
044 _axo
_cSK
072 7 _a821-93
_xLiteratúra pre deti a mládež (beletria)
_2konspekt
080 _a592/599
_22001
080 _a821-193
_22001
080 _a821-93
_22001
100 1 _aNagaj, Ondrej,
_d1940-
_4aut
245 1 0 _aVeršíky o zvieratkách
_cOndrej Nagaj ; ilustrácie Ján Vrabec
250 _a1. vyd.
260 _aTrnava
_bAD TEAM
_c2011
300 _a31 s.
_bfareb. ilustr.
_c29 cm
650 0 7 _azvieratá
_2SNKPH
650 0 7 _aAnimals
_2SNKPHeng
655 7 _ariekanky
_2SNKPH
655 7 _apublikácie pre deti
_2SNKPH
655 7 _aChildren's poetry
_2SNKPHeng
655 7 _aChildren's literature
_2SNKPHeng
700 1 _aVrabec, Ján,
_d1959-
_4ill
942 _2ddc
_cKLDE
_n0
949 _617A0895987
_asnkSB 82737 D1
_bsnk2012/6921
_o526/12
949 _617A0872864
_asnkSB 82737
_bsnk2012/6628
_o526/12
_s6100:20140925
980 _a821.162.4-193
999 _c21410
_d21410